The city in history its origins, its transformations, and its prospects (Record no. 374444)

000 -LEADER
fixed length control field 00396cam a22001337a 4500
008 - FIXED-LENGTH DATA ELEMENTS--GENERAL INFORMATION
fixed length control field 180718b1961 xxu||||| |||| 00| 0 eng d
082 ## - DEWEY DECIMAL CLASSIFICATION NUMBER
Classification number B131 M919c
100 ## - MAIN ENTRY--PERSONAL NAME
Personal name Mimford, Lewis
245 ## - TITLE STATEMENT
Title The city in history its origins, its transformations, and its prospects
Statement of responsibility, etc. by Lewis Mimford
260 ## - PUBLICATION, DISTRIBUTION, ETC.
Place of publication, distribution, etc. London
Name of publisher, distributor, etc. Secker & Warburg
Date of publication, distribution, etc. 1961
300 ## - PHYSICAL DESCRIPTION
Extent 657p.
500 ## - GENERAL NOTE
General note 70/-
650 ## - SUBJECT ADDED ENTRY--TOPICAL TERM
Topical term or geographic name entry element Sociology, Urban
Holdings
Withdrawn status Lost status Damaged status Not for loan Permanent Location Current Location Date acquired Full call number Barcode Date last seen Price effective from Koha item type
        Indian Institute of Public Administration Indian Institute of Public Administration 1994-06-27 B131 M919c 25828 2018-07-21 2018-07-21 Book

Powered by Koha